Statistics for U.S. Analogies

Click here to take the quiz!

General Stats

  • This quiz has been taken 17,873 times
  • The average score is 13 of 20

Answer Stats

This is to this …As …% Correct
3 is to Yard5280 is to {Mile}
90%
AL is to AlabamaME is to {Maine}
88%
Democrat is to DonkeyRepublican is to {Elephant}
87%
Oscar is to Film{Grammy} is to Music
86%
Madison Avenue is to
Advertising
{Wall} {Street} is to Finance
85%
Hair is to SamsonSpinach is to {Popeye}
81%
Saint Paul is to MinneapolisFort Worth is to {Dallas}
74%
Stars is to StateStripe is to {Colony}
74%
Diego is to California{Antonio} is to Texas
73%
Mello Yellow is to
Mountain Dew
Mr. Pibb is to {Dr} {Pepper}
71%
Dover is to Delaware{Lansing} is to Michigan
65%
Land is to AnaheimWorld is to {Orlando}
64%
$100 is to Franklin$10 is to {Hamilton}
62%
Shatner is to KirkNimoy is to {Spock}
62%
Ally McBeal is to LawyerJoey Tribbiani is to {Actor}
61%
Lassie is to CollieSnoopy is to {Beagle}
61%
Potato is to Idaho{Apple} is to Washington
52%
Cub Scout is to Boy Scout{Brownie} is to Girl Scout
51%
California is to Wyoming{Alaska} is to Rhode Island
36%
Grand Coulee is to Columbia{Hoover} is to Colorado
27%

Score Distribution

Percentile by Number Answered

Percent of People with Each Score

Your Score History

You have not taken this quiz